000 03201cam a2200589 4500
999 _c371016
_d371016
001 168784321X
003 DE-627
005 20211022103646.0
007 tu
008 200120s2019 gw ||||| 00| ||ger c
020 _a9783869564784
_cBroschur : EUR 17.00 (DE), EUR 17.50 (AT)
024 7 _a10.25932/publishup-43693
_2doi
035 _a(DE-627)168784321X
035 _a(DE-599)KXP168784321X
035 _a(OCoLC)1176491537
040 _aDE-627
_bger
_cDE-627
_erda
_dDE-2950
041 _ager
044 _cXA-DE-BB
082 0 _a491.8870943151
_qDE-101
082 0 4 _a491.8
_a891.8
_a300
_qDE-101
084 _aKQ 1207
_qDE-24/20sred
_2rvk
_0(DE-625)rvk/81869:
084 _a15.46
_2bkl
084 _a18.59
_2bkl
084 _a17.00
_2bkl
084 _a73.83
_2bkl
245 1 0 _aSorbische/Wendische Spuren in der nördlichen Niederlausitz /
_cMadlena Norberg, Peter Kosta (Hrsg.)
264 1 _aPotsdam:
_bUniversitätsverlag Potsdam,
_c2019
300 _a185 Seiten:
_bIllustrationen
336 _aText
_btxt
_2rdacontent
337 _aohne Hilfsmittel zu benutzen
_bn
_2rdamedia
338 _aBand
_bnc
_2rdacarrier
490 1 _aPotsdamer Beiträge zur Sorabistik
_v12
500 _aLiteraturangaben
505 _aenthält: Preßler, Tobias: Die sorbische/wendische Sprache im Bereich der Stadt Friedland/ Niederlausitz während der frühen Neuzeit. s. 11-72; Roggan, Alfred und Preßler Tobias: Das sorbische/wendische Gedicht "Bursky Golz" innerhalb der zwölfsprachigen Festschrift zur Einweihung der Neuen Friedrichs-Schule zu Frankfurt/Oder ...S. 73-106; Preßler, Tobias: Die Argumente in der Politik gegenüber den Sorben in der Niederlausitz ... S. 107 - 160; Roggan, Alfred: Der Kirchenmaler Paul Thol (1887-1956) ... S. 161 - 181
650 0 7 _0(DE-588)4055619-0
_0(DE-627)104730277
_0(DE-576)209114738
_aSorben
_2gnd
651 7 _0(DE-588)4042205-7
_0(DE-627)104697172
_0(DE-576)209049049
_aNiederlausitz
_2gnd
655 7 _aAufsatzsammlung
_0(DE-588)4143413-4
_0(DE-627)105605727
_0(DE-576)209726091
_2gnd-content
951 _aBO
700 1 _aNorberg, Madlena
_d1958-
_eHerausgeberIn
_0(DE-588)1190757451
_0(DE-627)1669330419
_4edt
700 1 _aKosta, Peter
_d1955-
_eHerausgeberIn
_0(DE-588)124418589
_0(DE-627)363333673
_0(DE-576)294162747
_4edt
776 0 8 _iErscheint auch als
_nOnline-Ausgabe
_tSorbische/Wendische Spuren in der nördlichen Niederlausitz
_dPotsdam : Universitätsverlag Potsdam, 2019
_hOnline-Ressource (185 Seiten, 23765 KB)
_w(DE-627)1688465952
_z9783869564784
830 0 _aPodstupimske pśinoski k Sorabistice
_v12
_912
_w(DE-627)313910499
_w(DE-576)108103021
_w(DE-600)2014961-X
_x1615-2476
856 4 2 _uhttp://deposit.dnb.de/cgi-bin/dokserv?id=95d363ff499d4f11b5a37e2efb932681&prov=M&dok_var=1&dok_ext=htm
_mX:MVB
_qtext/html
_v2020-12-02
_3Inhaltstext
856 4 2 _uhttps://d-nb.info/1203041594/04
_mB:DE-101
_qapplication/pdf
_v2020-12-02
_3Inhaltsverzeichnis
856 4 2 _uhttps://shop.verlag.uni-potsdam.de/shop/sorbische-wendische-spuren-in-der-n%c3%b6rdlichen-niederlausitz/
_qapplication
_yInhaltsbeschreibung
936 r v _aKQ 1207
936 b k _a15.46
936 b k _a18.59
936 b k _a17.00
936 b k _a73.83
942 _2z
_cB